Július Noge - 60-ročný

Bibliographic Details
Main Author: Petrík, Vladimír, 1929-2017 (Author)
Format: Article
Language:Slovak
ISSN:0037-6973
Subjects:

MARC

LEADER 00000cab a2200000 a 4500
001 vtls000410458
003 SK-MaSNL
005 20260303221601.0
008 230223c1991 xo ||||||| || 0 |slo
015 |a SNBRB19rr/mm-uuuuu 
035 |a CL0410582 
035 |a urn:nbn:sk:snk-abf1vv 
035 |a (urnnbn)urn:nbn:sk:snk:ar-004z7j 
035 |a (uuid)cc536835-0748-4bc4-bc89-cf504902c40d 
040 |a SNKBUCL  |b slo  |c SNKBUCL  |e AACR2 
041 0 |a slo 
044 |a xo  |c SK 
080 |a 82.09  |2 1981 
080 |a 82  |2 1981 
080 |a 929  |2 1981 
080 |a 885.4  |2 1981 
080 |a 929 Noge, Július  |2 1981 
100 1 |a Petrík, Vladimír,  |d 1929-2017  |4 aut  |9 171168 
245 1 0 |a Július Noge - 60-ročný  |c Vladimír Petrík 
246 3 3 |a Július Noge šesťdesiat ročný 
500 |a V časti Kronika. 
600 1 7 |a Noge, Július,  |d 1931-1993  |2 SNKMA  |9 37646 
655 7 |a články z novín a časopisov  |2 snkbucl  |9 267496 
655 7 |a články z odboru literárna veda a krásna literatúra  |2 snkbucl  |9 770045 
773 0 |t Slovenská literatúra  |g Roč. 38, č. 1 (1991), s. 73-74  |x 0037-6973 
850 |a Slovenská národná knižnica v Martine  |a MTA001 
852 |a SNK  |b KIS3GCP 
954 |a odborná, vedecká literatúra pôvodná (slovenská)  |2 lita 
958 |a BX 
958 |a RK 
958 |a LX 
958 |a OND 
958 |a EUIPO 
958 |a PETRIKApb/1991 
958 |a article27 
992 |a RBX 
999 |c 2234900  |d 2236830